Страсті за націоналізмом (Запис № 17501)
[ простий вигляд ]
| 000 -Маркер запису | |
|---|---|
| Контрольне поле сталої довжини | 02651nam a22002417a 4500 |
| 003 - Належність контрольного номера | |
| Контрольне поле | Uzh_bibl |
| 008 - Кодовані дані | |
| Контрольне поле сталої довжини | 260423b |||||||| |||| 00| 0 ukr d |
| 020 ## - Індекс ISBN | |
| ISBN | 978-966-8978-50-0 |
| Ціна | 68.00 |
| 040 ## - Джерело каталогіз. | |
| Код мови каталог. | укр. |
| 041 ## - Код мови видання | |
| Код мови оригіналу | українська |
| Код мови тексту | українська |
| 080 ## - Індекс УДК | |
| Індекс УДК | 94(477) |
| 090 ## - Шифри | |
| Поличний індекс | 94(477) |
| Авторський знак | Г 85 |
| 100 ## - Автор | |
| Автор | Грицак,Ярослав |
| 245 ## - Назва | |
| Назва | Страсті за націоналізмом |
| Фізичний носій | Текст |
| 260 ## - Вихідні дані | |
| Місце видання | Київ |
| Видавництво | Критика |
| Дата видання | 2011 |
| 300 ## - Фізичний опис | |
| Обсяг | 352 с. |
| 520 ## - Анотація | |
| Анотація | Книжка львівського історика професора Ярослава Грицака продовжує, наслідує та доповнює збірник 2004 року «Страсті за націоналізмом», але є не так його оновленою й істотно зміненою версією, як радше цілком новим виданням: понад половину вміщених тут есеїв написано протягом семи пореволюційних років і присвячено здебільшого «післяпомаранчевим» реаліям, а решту текстів суттєво переглянуто та перередаґовано. Втім, автор і далі закликає до парадигмальної зміни в поглядах на природу націоналізму та, попри драматичні колізії останнього часу, не вважає за доцільне змінювати головний висновок, якого дійшов 2004 року: і тоді, і нині Україна має саме стільки націоналізму, скільки потрібно, щоб утримувати відносну політичну стабільність і будувати демократію, а досвід Помаранчевої революції та її поразки тільки увиразнив те, що вагу національного чинника в публічному дискурсі неабияк перебільшено, адже проблеми українського суспільства пов’язано не так із ідентичностями, як із цінностями, які сповідують еліти та громадяни. Джерело: https://nashformat.ua/products/strasti-za-natsionalizmom-801471 |
| 521 ## - Примітка про цільове призначення | |
| Примітка про цільове призначення | Для широкого кола читачів |
| 546 ## - Примітка про мову | |
| Примітка про мову | укр. |
| 650 ## - Тематичні рубрики | |
| Основна рубрика | Науково-популярне видання |
| 655 ## - Термін індексування — жанр/форма | |
| Типове ділення | Есеї |
| 942 ## - ADDED ENTRY ELEMENTS (KOHA) | |
| Джерело класифікації чи схема поличного розташування | |
| Koha item type | Книги |
| Статус вилучення | Статус втрати/відсутності | Джерело класифікації чи схема поличного розташування | Статус пошкодження | Тип обігу (не для випозичання) | Постійне розташування | Поточне розташування | Розташування у відділі | Дата надходження | Інвентарний номер | Total Checkouts | Повний (примірниковий) шифр зберігання | Штрих-код | Date last seen | Дата, для якої чинна ціна заміни | Тип одиниці (рівень примірника) |
|---|---|---|---|---|---|---|---|---|---|---|---|---|---|---|---|
| Публічна бібліотека | Публічна бібліотека | Абонемент | 23/04/2026 | 64060 | 94(477) | 19339 | 23/04/2026 | 23/04/2026 | Книги |